[Event "Werther Schloss op 27th"]
[Site "Werther"]
[Date "2024.03.23"]
[Round "4"]
[White "Charvi, A."]
[Black "Adiyaman, Rene"]
[Result "1/2-1/2"]
[WhiteElo "1927"]
[BlackElo "2120"]
[PlyCount "248"]
[EventDate "2024.03.21"]
[EventType "swiss"]
[EventRounds "7"]
[EventCountry "GER"]
[SourceTitle "CB13_2024"]
[SourceDate "2024.03.27"]
[SourceVersion "1"]
[SourceVersionDate "2024.03.27"]
[SourceQuality "1"]

1. e4 e5 2. Nf3 Nc6 3. Bc4 Bc5 4. c3 Nf6 5. d3 d6 6. Nbd2 a6 7. Bb3 Ba7 8. Nf1 Ne7 9. Ng3 Ng6 10. 0-0 0-0 11. h3 h6 12. Re1 c5 13. d4 Qc7 14. Be3 c4 15. Bc2 Nf4 16. Nh4 Rd8 17. Qf3 Ne6 18. Nhf5 Nh7 19. h4 Kh8 20. Rad1 Rg8 21. Nh5 Nef8 22. Nhg3 Bxf5 23. Nxf5 h5 24. Kh1 g6 25. Nh6 Rg7 26. Rd2 Qe7 27. g3 exd4 28. Bxd4 Bxd4 29. Rxd4 Nd7 30. Qd1 Nhf6 31. Rxd6 Ne5 32. Rd2 Kh7 33. f4 Nd3 34. Bxd3 cxd3 35. e5 Nd7 36. Rxd3 Nc5 37. Rd6 Kxh6 38. f5 b5 39. b4 Qb7+ 40. Kh2 Ne4 41. Rd7 Qc6 42. f6 Rgg8 43. Qd4 Nf2 44. Rxf7 Ng4+ 45. Kh3 Qe6 46. Qf4+ g5 47. hxg5+ Rxg5 48. Kh4 Qf5 49. Rh7+ Kxh7 50. Qxg5 Qg6 51. Qxh5+ Nh6 52. Qxg6+ Kxg6 53. g4 Re8 54. e6 Rh8 55. g5 Nf7+ 56. Kg4 Nxg5 57. e7 Nh7 58. Re6 Nxf6+ 59. Kf4 Kf7 60. Rxa6 Nd5+ 61. Ke5 Rh5+ 62. Kd4 Nc7 63. Rc6 Ne8 64. Rc5 Rh4+ 65. Kd5 Kxe7 66. Kc6 Rh2 67. Rxb5 Rxa2 68. Rb7+ Ke6 69. Kc5 Ra3 70. c4 Rc3 71. Ra7 Nd6 72. Rh7 Rxc4+ 73. Kb6 Rxb4+ 74. Kc5 Rc4+ 75. Kb6 Ke5 76. Rh5+ Kd4 77. Rg5 Ne4 78. Rh5 Rc3 79. Rf5 Nd6 80. Rh5 Nc4+ 81. Kc6 Ne5+ 82. Kd6 Rc6+ 83. Ke7 Kd5 84. Kf8 Rf6+ 85. Kg7 Rg6+ 86. Kh7 Rg2 87. Rf5 Ke6 88. Rf4 Rg3 89. Kh6 Nf3 90. Kh5 Ke7 91. Rf5 Ke6 92. Rf4 Ke5 93. Rf8 Ke4 94. Rf7 Ke3 95. Kh6 Kf2 96. Rf6 Ke3 97. Rf8 Rg1 98. Rf7 Rh1+ 99. Kg7 Ke4 100. Kf8 Ne5 101. Rf2 Rh7 102. Kg8 Rc7 103. Rf6 Kd5 104. Rh6 Ng4 105. Rg6 Ne5 106. Rh6 Ke4 107. Rf6 Ng4 108. Rf1 Ke5 109. Re1+ Kf6 110. Rf1+ Ke6 111. Re1+ Ne5 112. Kf8 Rf7+ 113. Kg8 Rf6 114. Kg7 Rg6+ 115. Kh7 Rg3 116. Kh6 Kf6 117. Rf1+ Nf3 118. Kh5 Rg5+ 119. Kh6 Rg6+ 120. Kh5 Rg3 121. Ra1 Rg5+ 122. Kh6 Re5 123. Ra6+ Kf5 124. Kg7 Re7+ 1/2-1/2

[Event "Sitges Sunway op 10th"]
[Site "Sitges"]
[Date "2023.12.15"]
[Round "4"]
[White "Charvi, A."]
[Black "Szente Varga, Fruzsina"]
[Result "1/2-1/2"]
[WhiteElo "1735"]
[BlackElo "2015"]
[PlyCount "154"]
[EventDate "2023.12.12"]
[EventType "swiss"]
[EventRounds "10"]
[EventCountry "ESP"]
[SourceTitle "CB52_2023"]
[SourceDate "2023.12.27"]
[SourceVersion "1"]
[SourceVersionDate "2023.12.27"]
[SourceQuality "1"]

1. e4 c5 2. Nf3 Nc6 3. d4 cxd4 4. Nxd4 g6 5. c4 Nf6 6. Nc3 d6 7. Be2 Nxd4 8. Qxd4 Bg7 9. 0-0 0-0 10. Qd2 a5 11. Rb1 a4 12. b3 axb3 13. axb3 Be6 14. Qc2 Nd7 15. Bb2 Qa5 16. b4 Qb6 17. Na4 Qc6 18. Bxg7 Kxg7 19. b5 Qc7 20. Rfc1 Rfc8 21. Nc3 Kg8 22. Qd2 Nc5 23. h4 Ra3 24. Qb2 Rca8 25. h5 f6 26. Ra1 Qa5 27. Rxa3 Qxa3 28. Qc2 Bf7 29. Nd5 Bxd5 30. exd5 Qb3 31. Qd2 Kg7 32. h6+ Kf8 33. Qd4 Ra2 34. Re1 Qb2 35. Qe3 Qd2 36. Qxd2 Rxd2 37. Kf1 Ra2 38. g4 Kf7 39. Kg2 Nd7 40. Kg3 Ra3+ 41. f3 Ne5 42. Rc1 b6 43. Kf2 g5 44. Rd1 Kg6 45. Rh1 Nf7 46. Bd1 Ra2+ 47. Ke3 Nxh6 48. Be2 Kg7 49. Bd3 Ra3 50. Ke2 f5 51. gxf5 Ng8 52. Rg1 Kf6 53. f4 h6 54. fxg5+ hxg5 55. Rh1 Ke5 56. Rg1 Kf6 57. Kd2 Nh6 58. Re1 Ng4 59. Re6+ Kf7 60. Be2 Nf6 61. Re3 Rxe3 62. Kxe3 Nd7 63. Ke4 Kf6 64. Bg4 Ne5 65. Be2 Nf7 66. Bh5 Nh6 67. Bg6 Ng4 68. Bh5 Nf2+ 69. Ke3 Nh3 70. Bg4 Nf4 71. Ke4 Ng2 72. Kf3 Ne1+ 73. Ke4 Ng2 74. Kf3 Nf4 75. Ke4 Kg7 76. Bf3 Kh6 77. Bg4 Kg7 1/2-1/2

[Event "Monsaraz op"]
[Site "Monsaraz"]
[Date "2023.11.27"]
[Round "8"]
[White "Charvi, A."]
[Black "Potluri, Saye Srreezza"]
[Result "0-1"]
[WhiteElo "1580"]
[BlackElo "1871"]
[PlyCount "90"]
[EventDate "2023.11.21"]
[EventType "swiss"]
[EventRounds "9"]
[EventCountry "POR"]
[SourceTitle "CB49_2023"]
[SourceDate "2023.12.06"]
[SourceVersion "1"]
[SourceVersionDate "2023.12.06"]
[SourceQuality "1"]

1. e4 e5 2. Nf3 Nc6 3. Bc4 Nf6 4. d3 h6 5. c3 d6 6. Bb3 g6 7. Nbd2 Bg7 8. Nf1 0-0 9. Ng3 Re8 10. 0-0 Be6 11. Ba4 a6 12. h3 b5 13. Bb3 d5 14. Qe2 Na5 15. Rd1 Qe7 16. Bc2 Nc6 17. Be3 Rad8 18. Nh2 Kh7 19. Kh1 b4 20. Ba4 Bd7 21. f3 bxc3 22. bxc3 Nd4 23. cxd4 Bxa4 24. Rf1 exd4 25. Bd2 c5 26. Ng4 Nxg4 27. fxg4 c4 28. g5 cxd3 29. Qg4 Bd7 30. Qh4 dxe4 31. Rae1 e3 32. Ba5 Rc8 33. Qf4 Qxg5 34. Qxf7 Re7 35. Qf3 Rf8 36. Ne4 Qe5 37. Qg3 Rxf1+ 38. Rxf1 Qxe4 39. Bd8 e2 40. Ra1 e1Q+ 41. Rxe1 Qxe1+ 42. Qxe1 Rxe1+ 43. Kh2 Be5+ 44. g3 Bc6 45. h4 Rh1# 0-1

[Event "Asia-ch Blitz U20 Girls"]
[Site "Jamshedpur"]
[Date "2023.09.15"]
[Round "4"]
[White "Charvi, A."]
[Black "Marium, Fatima"]
[Result "1-0"]
[WhiteElo "1416"]
[BlackElo "1715"]
[PlyCount "64"]
[EventDate "2023.09.15"]
[EventType "swiss (blitz)"]
[EventRounds "9"]
[EventCountry "IND"]
[SourceTitle "EXT 2024"]
[Source "ChessBase"]
[SourceDate "2023.10.10"]
[SourceVersion "1"]
[SourceVersionDate "2023.10.10"]
[SourceQuality "1"]

1. e4 e6 2. d4 d5 3. Nd2 Nf6 4. e5 Nfd7 5. f4 c5 6. c3 b6 7. Ngf3 Ba6 8. Bxa6 Nxa6 9. 0-0 Be7 10. Qe2 Nc7 11. a4 a6 12. Re1 g6 13. Nf1 b5 14. a5 Rb8 15. Ne3 b4 16. Bd2 bxc3 17. bxc3 cxd4 18. Nxd4 Qc8 19. Nc6 Rb5 20. c4 dxc4 21. Nxc4 Bc5+ 22. Be3 Kf8 23. Bxc5+ Rxc5 24. Nd6 Qa8 25. Nd4 Nd5 26. Qf3 Kg7 27. Qg4 h5 28. Qg5 Qa7 29. Kh1 Rc3 30. Rad1 Ne3 31. Nxe6+ Kh7 32. Nxf7 Qa8 1-0

[Event "Asia-ch Blitz U20 Girls"]
[Site "Jamshedpur"]
[Date "2023.09.15"]
[Round "7"]
[White "Charvi, A."]
[Black "Wadifa, Ahmed"]
[Result "1-0"]
[WhiteElo "1416"]
[BlackElo "1660"]
[PlyCount "53"]
[EventDate "2023.09.15"]
[EventType "swiss (blitz)"]
[EventRounds "9"]
[EventCountry "IND"]
[SourceTitle "EXT 2024"]
[Source "ChessBase"]
[SourceDate "2023.10.10"]
[SourceVersion "1"]
[SourceVersionDate "2023.10.10"]
[SourceQuality "1"]

1. e4 c5 2. Nf3 e6 3. d4 cxd4 4. Nxd4 Nc6 5. Nxc6 bxc6 6. Bd3 e5 7. Nd2 Nf6 8. 0-0 Be7 9. b3 0-0 10. Bb2 d6 11. Rc1 Be6 12. c4 Nd7 13. b4 a5 14. a3 axb4 15. axb4 Qb6 16. Bc3 d5 17. exd5 cxd5 18. cxd5 Bxd5 19. Nc4 Qb7 20. Ne3 Be6 21. Qc2 g6 22. Be4 Qb6 23. Bxa8 Rxa8 24. Qe4 Rb8 25. Nd5 Bxd5 26. Qxd5 Qb5 27. Qb3 1-0

[Event "Asia-ch U20 Girls"]
[Site "Jamshedpur"]
[Date "2023.09.14"]
[Round "8"]
[White "Charvi, A."]
[Black "Dakshita, Kumawat"]
[Result "0-1"]
[WhiteElo "1508"]
[BlackElo "1690"]
[PlyCount "94"]
[EventDate "2023.09.09"]
[EventType "swiss"]
[EventRounds "9"]
[EventCountry "IND"]
[SourceTitle "EXT 2024"]
[Source "ChessBase"]
[SourceDate "2023.10.10"]
[SourceVersion "1"]
[SourceVersionDate "2023.10.10"]
[SourceQuality "1"]

1. e4 d6 2. d4 Nf6 3. Nc3 Nbd7 4. Nf3 e5 5. Be2 Be7 6. 0-0 0-0 7. h3 c6 8. a4 Qc7 9. Be3 Rd8 10. d5 b6 11. Bc4 Bb7 12. dxc6 Bxc6 13. Ba2 Rf8 14. Nd2 Nc5 15. f3 Rac8 16. Bxc5 bxc5 17. Qe2 Nh5 18. Qf2 Nf4 19. Ne2 Ne6 20. c3 Bg5 21. Nc4 Rb8 22. Rad1 Rfd8 23. b3 d5 24. exd5 Bxd5 25. Na3 Bxb3 26. Rxd8+ Qxd8 27. Bxb3 Rxb3 28. Nc4 Qd5 29. Ne3 Qd2 30. Nc4 Qa2 31. Rd1 h6 32. Qf1 Qxa4 33. Nxe5 Be3+ 34. Kh1 Rb2 35. Ra1 Qb3 36. Ng4 Bd2 37. Nf2 Qb5 38. Ne4 Be3 39. N2g3 Qb7 40. Nf5 Bf4 41. Rd1 a5 42. Qg1 c4 43. Ned6 Qb3 44. Ne7+ Kh7 45. Nxf7 Qb7 46. g3 Qxf3+ 47. Qg2 Qxg2# 0-1

[Event "Asia-ch U20 Girls"]
[Site "Jamshedpur"]
[Date "2023.09.09"]
[Round "1"]
[White "Charvi, A."]
[Black "Ahmed, Walijah"]
[Result "1-0"]
[WhiteElo "1508"]
[BlackElo "1936"]
[PlyCount "127"]
[EventDate "2023.09.09"]
[EventType "swiss"]
[EventRounds "9"]
[EventCountry "IND"]
[SourceTitle "EXT 2024"]
[Source "ChessBase"]
[SourceDate "2023.10.10"]
[SourceVersion "1"]
[SourceVersionDate "2023.10.10"]
[SourceQuality "1"]

1. e4 c5 2. Nf3 e6 3. d4 cxd4 4. Nxd4 Nc6 5. Nxc6 bxc6 6. Bd3 d5 7. Nd2 Nf6 8. 0-0 Be7 9. b3 a5 10. Bb2 Ba6 11. Qe2 Bxd3 12. cxd3 0-0 13. Rac1 Qb6 14. Nf3 Rfc8 15. Ne5 a4 16. exd5 cxd5 17. bxa4 Bf8 18. h3 Qb4 19. Rfe1 Qxa4 20. Rxc8 Rxc8 21. Nxf7 Re8 22. Nh6+ Kh8 23. Nf7+ Kg8 24. Nh6+ Kh8 25. Bxf6 gxf6 26. Qh5 Qd7 27. Ng4 Bg7 28. Rb1 Rc8 29. Qh4 Qf7 30. d4 e5 31. Rb6 Rf8 32. Ne3 Rc8 33. Rd6 exd4 34. Qxd4 Rc1+ 35. Kh2 Qc7 36. Qb6 Qxb6 37. Rxb6 Bf8 38. Nxd5 Rc2 39. Rxf6 Bg7 40. Ra6 Rxf2 41. Ra8+ Bf8 42. Nc7 Rf6 43. Ne6 Rxe6 44. Rxf8+ Kg7 45. Ra8 Re3 46. h4 Kg6 47. g4 h6 48. Ra6+ Kg7 49. Kg2 Rc3 50. Ra5 Kg6 51. Ra6+ Kg7 52. Ra7+ Kg6 53. a4 Ra3 54. a5 Rc3 55. a6 Ra3 56. h5+ Kf6 57. Rh7 Kg5 58. Rg7+ Kf4 59. a7 Ra6 60. g5 Ra2+ 61. Kf1 hxg5 62. h6 Kf3 63. Rf7+ Ke3 64. h7 1-0

[Event "Asia-ch Rapid U20 Girls"]
[Site "Jamshedpur"]
[Date "2023.09.08"]
[Round "6"]
[White "Charvi, A."]
[Black "Disha, UA."]
[Result "1/2-1/2"]
[WhiteElo "1515"]
[BlackElo "1256"]
[PlyCount "104"]
[EventDate "2023.09.08"]
[EventType "swiss (rapid)"]
[EventRounds "9"]
[EventCountry "IND"]
[SourceTitle "EXT 2024"]
[Source "ChessBase"]
[SourceDate "2023.10.10"]
[SourceVersion "1"]
[SourceVersionDate "2023.10.10"]
[SourceQuality "1"]

1. e4 d5 2. exd5 Qxd5 3. Nc3 Qd8 4. d4 Nf6 5. Nf3 e6 6. Be2 b6 7. 0-0 Bb7 8. Be3 Be7 9. h3 0-0 10. Ne5 Nd5 11. Bf3 Nd7 12. Nxd5 exd5 13. c4 c6 14. Rc1 Rc8 15. Qa4 Nxe5 16. dxe5 a6 17. cxd5 cxd5 18. Rxc8 Bxc8 19. Qd4 Bc5 20. Qxd5 Qxd5 21. Bxd5 Bxe3 22. fxe3 Be6 23. Bxe6 fxe6 24. Rxf8+ Kxf8 25. Kf2 Ke7 26. Kf3 Kd7 27. Ke4 Kc6 28. Kd4 g6 29. e4 Kb5 30. Kc3 a5 31. b3 Kc5 32. a3 Kb5 33. g4 g5 34. Kd4 h6 35. Kc3 Kc5 36. b4+ axb4+ 37. axb4+ Kc6 38. Kc4 b5+ 39. Kd4 Kb6 40. Ke3 Kc6 41. Kf3 Kb6 42. h4 Kc6 43. hxg5 hxg5 44. Ke3 Kb6 45. Kd4 Kc6 46. Kd3 Kb6 47. Ke2 Kb7 48. Kd3 Kc7 49. Kc3 Kb7 50. Kd4 Kc6 51. Kd3 Kc7 52. Kc3 Kb7 1/2-1/2

[Event "Asia-ch Rapid U20 Girls"]
[Site "Jamshedpur"]
[Date "2023.09.08"]
[Round "1"]
[White "Mrudul, Dehankar"]
[Black "Charvi, A."]
[Result "1-0"]
[WhiteElo "2052"]
[BlackElo "1515"]
[PlyCount "155"]
[EventDate "2023.09.08"]
[EventType "swiss (rapid)"]
[EventRounds "9"]
[EventCountry "IND"]
[SourceTitle "EXT 2024"]
[Source "ChessBase"]
[SourceDate "2023.10.10"]
[SourceVersion "1"]
[SourceVersionDate "2023.10.10"]
[SourceQuality "1"]

1. d4 Nf6 2. Bf4 g6 3. Nc3 d5 4. e3 Bg7 5. h4 h5 6. Nf3 0-0 7. Be2 Re8 8. 0-0 b6 9. Nb5 Na6 10. Ne5 Bb7 11. Bf3 c6 12. Na3 Rc8 13. c4 Nc7 14. Rc1 Nd7 15. Qa4 Nxe5 16. dxe5 a6 17. cxd5 Nxd5 18. Rfd1 e6 19. e4 b5 20. Qb3 Qxh4 21. Bg3 Qg5 22. exd5 exd5 23. Re1 Bxe5 24. Bxe5 Rxe5 25. Qc3 Rce8 26. Nc2 h4 27. Rxe5 Qxc1+ 28. Re1 Rxe1+ 29. Nxe1 Qg5 30. Nd3 h3 31. g3 Qf5 32. Be2 Qe4 33. Bf1 d4 34. Qc5 Bc8 35. Nf4 Bf5 36. Qd6 Kg7 37. Kh2 Qf3 38. Qxd4+ f6 39. Bxh3 Bxh3 40. Nxh3 g5 41. Ng1 Qh5+ 42. Kg2 Qf7 43. b3 Qb7 44. Qc5 a5 45. Nf3 Qd7 46. Nd4 Qg4 47. Nxc6 Qe4+ 48. f3 Qe2+ 49. Qf2 Qe6 50. Nd4 Qd5 51. g4 Kf7 52. Qe3 a4 53. Nf5 Qd7 54. Qe2 Kg6 55. Qc2 Kf7 56. bxa4 bxa4 57. Qc4+ Kf8 58. Qc5+ Kf7 59. Nd6+ Kg6 60. Qf5+ Qxf5 61. Nxf5 Kh7 62. Kf2 Kg6 63. Ke3 Kh7 64. Kd4 Kg6 65. Kc4 Kf7 66. Kb4 Ke6 67. Kxa4 Ke5 68. Kb5 Kf4 69. Nd4 Ke3 70. Kc4 Kf4 71. a4 Kg3 72. a5 Kh4 73. a6 Kh3 74. a7 Kh4 75. a8Q Kg3 76. f4 Kxg4 77. Qf3+ Kh4 78. Nf5# 1-0

[Event "Bhubaneswar op-A 14th"]
[Site "Bhubaneswar"]
[Date "2023.06.11"]
[Round "1"]
[White "Rishan, Debnath"]
[Black "Charvi, A."]
[Result "1/2-1/2"]
[WhiteElo "1601"]
[BlackElo "1433"]
[PlyCount "138"]
[EventDate "2023.06.11"]
[EventType "swiss"]
[EventRounds "10"]
[EventCountry "IND"]
[SourceTitle "EXT 2024"]
[Source "ChessBase"]
[SourceDate "2023.10.10"]
[SourceVersion "1"]
[SourceVersionDate "2023.10.10"]
[SourceQuality "1"]

1. d4 Nf6 2. Nc3 d5 3. Bg5 g6 4. Bxf6 exf6 5. e3 Bg7 6. Bd3 0-0 7. Nf3 c5 8. dxc5 Nc6 9. Nd4 f5 10. Bb5 Nxd4 11. exd4 a6 12. Ba4 Qg5 13. g3 f4 14. Qd2 Qe7+ 15. Qe2 Qxe2+ 16. Nxe2 f3 17. Ng1 Bxd4 18. Nxf3 Bxb2 19. Rb1 Bc3+ 20. Ke2 d4 21. Ng5 Bf5 22. f3 h6 23. Ne4 Bxe4 24. fxe4 Rac8 25. Rxb7 Rxc5 26. Bb3 Ba5 27. Rd7 Rc7 28. Rxd4 Kg7 29. Rhd1 Re8 30. Kf3 Ree7 31. Ra4 Rc5 32. Rd5 Rc3+ 33. Kg2 Bc7 34. Rxa6 Re3 35. Ra4 Bb6 36. Rd2 Re1 37. Bd5 Rc7 38. c4 f5 39. exf5 gxf5 40. Rb2 Rg1+ 41. Kh3 Bd4 42. Rb8 Re7 43. Rab4 f4 44. Rb1 Rxb1 45. Rxb1 fxg3 46. hxg3 Kg6 47. a4 Re3 48. Rb8 Rxg3+ 49. Kxg3 Be5+ 50. Kf3 Bxb8 51. Ke4 Kf6 52. Kd4 Ba7+ 53. c5 Ke7 54. Kc4 Kd7 55. Kb5 Kc7 56. a5 h5 57. Bf3 h4 58. Bg4 Kb7 59. Bf3+ Kc7 60. Bg2 Kd7 61. Bh3+ Kc7 62. Bg4 Kb7 63. Bd7 Kc7 64. Bc6 Bb8 65. Bg2 Ba7 66. a6 Bb8 67. Bh3 Ba7 68. Kc4 Bb8 69. Kd5 Ba7 1/2-1/2

[Event "IND-ch (Women) 48th"]
[Site "Hatkanangale"]
[Date "2023.01.05"]
[Round "11"]
[White "Charvi, A."]
[Black "Adyasha, Pattnaik"]
[Result "1/2-1/2"]
[WhiteElo "1331"]
[BlackElo "1463"]
[PlyCount "68"]
[EventDate "2022.12.26"]
[EventType "swiss"]
[EventRounds "11"]
[EventCountry "IND"]
[SourceTitle "CBM 212 Extra"]
[Source "ChessBase"]
[SourceDate "2023.03.31"]
[SourceVersion "1"]
[SourceVersionDate "2023.03.31"]
[SourceQuality "1"]

1. e4 d5 2. exd5 Nf6 3. d4 Nxd5 4. Nf3 Bg4 5. Be2 e6 6. 0-0 Be7 7. h3 Bh5 8. c4 Nf6 9. Nc3 c6 10. Be3 Nbd7 11. Qd2 0-0 12. Rad1 Nb6 13. Ne5 Bg6 14. Nxg6 hxg6 15. Qc2 Qc7 16. Ne4 Rfd8 17. Nxf6+ Bxf6 18. b3 e5 19. dxe5 Bxe5 20. Bg5 Re8 21. f4 Bf6 22. Bxf6 gxf6 23. Rf3 Kg7 24. Rdf1 Rh8 25. Bd3 Nd7 26. Qc3 Rh4 27. Qe1 Rh6 28. g4 Rah8 29. Kg2 Qd6 30. Bb1 Nc5 31. g5 Rh5 32. b4 Na6 33. Rd3 Qxb4 34. gxf6+ Kxf6 1/2-1/2

[Event "IND-ch (Women) 48th"]
[Site "Hatkanangale"]
[Date "2022.12.28"]
[Round "3"]
[White "Charvi, A."]
[Black "Kabnurakar, Sharvari"]
[Result "1-0"]
[WhiteElo "1331"]
[BlackElo "1305"]
[PlyCount "139"]
[EventDate "2022.12.26"]
[EventType "swiss"]
[EventRounds "11"]
[EventCountry "IND"]
[SourceTitle "CBM 212 Extra"]
[Source "ChessBase"]
[SourceDate "2023.03.31"]
[SourceVersion "1"]
[SourceVersionDate "2023.03.31"]
[SourceQuality "1"]

1. e4 c5 2. Nf3 Nc6 3. d4 cxd4 4. Nxd4 d6 5. Nc3 Nf6 6. Be2 g6 7. Be3 Bg7 8. f3 0-0 9. Qd2 d5 10. Nxc6 bxc6 11. exd5 cxd5 12. 0-0-0 e6 13. Bh6 Re8 14. Bxg7 Kxg7 15. g4 Bb7 16. h4 h6 17. g5 hxg5 18. hxg5 Nh5 19. Rhe1 e5 20. Bb5 Re6 21. Nxd5 Bxd5 22. Qxd5 Qxg5+ 23. Kb1 Rb8 24. Bc4 Qe7 25. Qd7 Qb4 26. Bb3 Re7 27. Qd6 Qxd6 28. Rxd6 Ng3 29. c4 e4 30. fxe4 Nxe4 31. Kc2 Rbb7 32. Rd5 f5 33. Rg1 Kf6 34. Kd3 Rh7 35. c5 Rh2 36. Kc4 a5 37. a3 Nd2+ 38. Rxd2 Rxd2 39. c6 Rc7 40. Kc5 Rxb2 41. Bd5 Rc2+ 42. Kd6 Rg7 43. Re1 Kg5 44. a4 Rd2 45. Rc1 Rg8 46. c7 Rc8 47. Ke6 Re8+ 48. Kf7 Rde2 49. Rg1+ Kf4 50. Rc1 R2e7+ 51. Kf6 Rd7 52. Bb7 Rf8+ 53. Kxg6 Rd6+ 54. Kg7 Rdf6 55. c8Q R6f7+ 56. Kg6 Rf6+ 57. Kh5 Rxc8 58. Bxc8 Kg3 59. Kg5 Rd6 60. Kxf5 Rd4 61. Ra1 Kf3 62. Ke5 Rd2 63. Ba6 Ke3 64. Ra3+ Kf2 65. Bd3 Rb2 66. Kd4 Ke1 67. Ke3 Rd2 68. Ra1+ Rd1 69. Rxd1+ Kxd1 70. Kd4 1-0

[Event "Wch U08 Girls"]
[Site "Batumi"]
[Date "2022.09.26"]
[Round "10"]
[White "Charvi, A."]
[Black "Veselow, Zoe"]
[Result "1-0"]
[WhiteElo "1355"]
[BlackElo "1532"]
[PlyCount "153"]
[EventDate "2022.09.16"]
[EventType "swiss"]
[EventRounds "11"]
[EventCountry "GEO"]
[SourceTitle "EXT 2023"]
[Source "ChessBase"]
[SourceDate "2022.10.05"]
[SourceVersion "1"]
[SourceVersionDate "2022.10.05"]
[SourceQuality "1"]

1. e4 c5 2. Nc3 e6 3. g3 d5 4. exd5 exd5 5. Bg2 Nf6 6. d3 Be6 7. Nge2 Nc6 8. 0-0 Be7 9. Bg5 0-0 10. Nf4 d4 11. Bxf6 Bxf6 12. Ne4 Be7 13. Nxe6 fxe6 14. a3 e5 15. Qd2 Rc8 16. Rad1 b5 17. Qe2 a5 18. Qg4 b4 19. Qe6+ Kh8 20. a4 Qe8 21. Nd6 Bxd6 22. Qxd6 Qe7 23. Qd5 Rfd8 24. Qe4 Re8 25. Rfe1 Qd7 26. Re2 Nd8 27. b3 Nf7 28. Rde1 Qc7 29. Qh4 Qd6 30. Be4 Nh6 31. Qg5 Rc7 32. Qh5 Rce7 33. Bg2 Re6 34. Re4 Ng8 35. R4e2 Nf6 36. Qg5 h6 37. Qf5 Nd5 38. Bxd5 Qxd5 39. f4 g6 40. Qh3 Kh7 41. f5 R6e7 42. fxg6+ Kg7 43. Qh5 Qd6 44. Qf3 Rf8 45. Qe4 Rf6 46. Qh4 Rxg6 47. Re4 Rg5 48. Kg2 Kg6 49. Rg4 Qc6+ 50. Kg1 Qf3 51. Rxg5+ hxg5 52. Qe4+ Qxe4 53. Rxe4 Kh5 54. Kg2 g4 55. h3 gxh3+ 56. Kxh3 Kg5 57. g4 Re6 58. Kg3 Re7 59. Re1 Re6 60. Rf1 Rf6 61. Rxf6 Kxf6 62. Kf3 Kg5 63. Ke4 Kxg4 64. Kxe5 Kf3 65. Kd5 Ke2 66. Kxc5 Ke3 67. Kc4 Kd2 68. Kxd4 Kxc2 69. Kc4 Kb2 70. d4 Ka3 71. d5 Ka2 72. d6 Ka3 73. d7 Ka2 74. d8Q Ka3 75. Qd4 Ka2 76. Qe5 Kb1 77. Qxa5 1-0

[Event "Wch U08 Girls"]
[Site "Batumi"]
[Date "2022.09.24"]
[Round "8"]
[White "Sholpanbek, Zhansaya"]
[Black "Charvi, A."]
[Result "1-0"]
[WhiteElo "1133"]
[BlackElo "1355"]
[PlyCount "83"]
[EventDate "2022.09.16"]
[EventType "swiss"]
[EventRounds "11"]
[EventCountry "GEO"]
[SourceTitle "EXT 2023"]
[Source "ChessBase"]
[SourceDate "2022.10.05"]
[SourceVersion "1"]
[SourceVersionDate "2022.10.05"]
[SourceQuality "1"]

1. e4 e6 2. d3 d5 3. Nd2 Nf6 4. Ngf3 c5 5. g3 Nc6 6. Bg2 Be7 7. 0-0 0-0 8. e5 Nd7 9. Re1 Qc7 10. Qe2 h6 11. c3 Re8 12. Nf1 b6 13. Bf4 Bb7 14. h4 a5 15. h5 b5 16. N1h2 b4 17. Ng4 Bf8 18. Qd2 Kh7 19. d4 bxc3 20. bxc3 Rac8 21. Bf1 c4 22. Qc2+ Kg8 23. Be2 Ne7 24. Nf6+ gxf6 25. exf6 Qd8 26. fxe7 Qxe7 27. Qd2 Qf6 28. Bd1 Bc6 29. Bc2 a4 30. g4 Qg7 31. Kh1 Kh8 32. g5 Be7 33. g6 fxg6 34. Bxg6 Rf8 35. Rxe6 Bf6 36. Bxh6 Qg8 37. Re2 Bg7 38. Nh4 Nf6 39. Re7 Bxh6 40. Qxh6+ Nh7 41. Rxh7+ Qxh7 42. Qxh7# 1-0